000 00804nam a2200241 a 4500
001 64266
003 BD-RjUL
005 20211209081304.0
008 170216s1984 ii 001 0 eng d
035 _a(BD-RjUL)64396
040 _aDLC
_cCarP
_dBD-RjUL
_beng
041 _aeng
082 _223
_a347.060954
_bMOS 1984
100 _aMonir, M.
_9190856
245 1 2 _aA short edition of principles and digest of the law of evidence :
_bBeing a commentary on the Indian evidence act (I of 1872) /
_cM Monir and H S Ursekar.
250 _a2nd ed.
260 _aAllahabad :
_bUniversity Book Agency,
_c1984
300 _a6, xxxiv, 859 p. ;
_c25 cm.
500 _aIncludes index.
650 0 _aEvidence (Law)
_zIndia.
_9190853
700 1 _aUrsekar, H. S.
_q(Harihar Sitaram),
_eed.
_9190855
942 _2ddc
_cBK
999 _c64266
_d64266